000 00550nam a2200181Ia 4500
008 151202s9999||||xx |||||||||||||| ||und||
082 _bPNVM-45115
100 _aनेरकर हेमांगी.
245 _aप्रभात.
260 _bप्रियांजी प्रकाशन पुणे.
260 _c0
300 _a56
600 _aनेरकर हेमांगी.
630 _aप्रभात.
700 _aनेरकर हेमांगी.
730 _aप्रभात.
942 _cBOOK
999 _c1311066
_d1311063